Non-linear adjustment in the Greek milk market
Αποθηκεύτηκε σε:
| Κύριος συγγραφέας: | |
|---|---|
| Μορφή: | Βιβλίο |
| Γλώσσα: | Greek |
| Δημοσίευση: |
Athens :
Centre of Planning and Economic Research (KEPE),
2016.
|
| Σειρά: | Εκθέσεις (Κέντρο Προγραμματισμού και Οικονομικών Ερευνών)
77. |
| Θέματα: | |
| Ετικέτες: |
Προσθήκη ετικέτας
Δεν υπάρχουν, Καταχωρήστε ετικέτα πρώτοι!
|
MARC
| LEADER | 00000cam a2200000 a 4500 | ||
|---|---|---|---|
| 001 | 1/113419 | ||
| 008 | 170316t2016####gr | ||| |||| ||gre|| | ||
| 020 | |a 9789603411147 |q (χαρτόδετο) | ||
| 040 | |a GR-MyUa |b gre |c GR-MyUa |e AACR2 | ||
| 041 | 0 | |a gre | |
| 082 | 7 | |a 381.456371 |2 (23) | |
| 100 | 1 | |a Reziti, Ioanna. | |
| 245 | 1 | 0 | |a Non-linear adjustment in the Greek milk market / |c Ioanna N. Reziti. |
| 260 | |a Athens : |b Centre of Planning and Economic Research (KEPE), |c 2016. | ||
| 300 | |a 119 σ. : |b διαγρ., πίν. ; |c 24 εκ. | ||
| 650 | 0 | |a Dairy products industry |z Greece |x Mathematical models. | |
| 504 | |a Βιβλιογραφία: σ. 107-114. | ||
| 650 | 0 | |a Milk trade |z Greece |x Mathematical models. | |
| 830 | 0 | |a Εκθέσεις (Κέντρο Προγραμματισμού και Οικονομικών Ερευνών) |v 77. | |
| 852 | |a INST |b CHIOS |e 20170316 |h 381.456371 REZ |p 005200037809 |q 005200037809 |t BK |y 0 | ||
| 970 | |a Σπέντζα |b Ελένη |z 16-03-2017 | ||